Neela, victory song / (Record no. 16687)
[ view plain ]
| 000 -LEADER | |
|---|---|
| fixed length control field | 00700cam a2200193 a 4500 |
| 020 ## - INTERNATIONAL STANDARD BOOK NUMBER | |
| ISBN | 1584855215 (pbk) |
| 020 ## - INTERNATIONAL STANDARD BOOK NUMBER | |
| ISBN | 1584855975 |
| 040 ## - CATALOGING SOURCE | |
| Transcribing agency | DLC |
| 082 00 - DEWEY DECIMAL CLASSIFICATION NUMBER | |
| Classification number | 874 AME 2002 A112 Or. |
| 100 1# - MAIN ENTRY--AUTHOR NAME | |
| Personal name | Divakaruni, Chitra Banerjee, |
| 245 10 - TITLE STATEMENT | |
| Title | Neela, victory song / |
| 260 ## - PUBLICATION, DISTRIBUTION, ETC. (IMPRINT) | |
| Place of publication | Middleton, Wis. : |
| Name of publisher | American Girl(r), |
| Year of publication | c2002. |
| 300 ## - PHYSICAL DESCRIPTION | |
| Number of Pages | 196 p. : |
| Other physical details | ill. (some col.) ; |
| Dimensions | 19 cm. |
| 520 ## - SUMMARY, ETC. | |
| Summary, etc | In 1939, twelve-year-old Neela meets a young freedom fighter at her sister's wedding and soon after must rely on his help when her father fails to return home from a march in Calcutta against British occupation. |
| 650 #1 - SUBJECT ADDED ENTRY--TOPICAL TERM | |
| Topical Term | Nationalism |
| 650 #1 - SUBJECT ADDED ENTRY--TOPICAL TERM | |
| Topical Term | Sex role |
| 700 1# - ADDED ENTRY--PERSONAL NAME | |
| Personal name | Howell, Troy, |
| 942 ## - ADDED ENTRY ELEMENTS (KOHA) | |
| Koha item type | សៀវភៅភាសាអង់គ្លេស |
| 952 ## - LOCATION AND ITEM INFORMATION (KOHA) | |
| Withdrawn status [LOCAL, KOHA] | 0 |
| Permanent Location | Date acquired | Koha item type | Lost status | Shelving location | Barcode | Current Location | Full call number |
|---|---|---|---|---|---|---|---|
| Library Block A | 2018-03-27 | សៀវភៅភាសាអង់គ្លេស | A112 | A19920 | Library Block A | 874 AME 2002 A112 Or. |